| 000 | 00840nac a22002417a 4500 | ||
|---|---|---|---|
| 003 | Co-PeBPM | ||
| 005 | 20240723180826.0 | ||
| 007 | ta | ||
| 008 | 240723s2007 |||a|||| |||| 00| 0 spa d | ||
| 020 | _a9789589818404 | ||
| 040 |
_aCo-PeBPM _bspa _cCo-PeBPM _erda |
||
| 082 | 0 | 4 |
_a028.9 A837c _222 |
| 110 | _aAsociación Colombiana de Lectura y Escritura | ||
| 245 | 1 | 0 |
_aClubes de lectores _b: Informe de una experiencia _c/ Asociación Colombiana de Lectura y Escritura (Asolectura) |
| 260 |
_aBogotá, Colombia _b: Asolectura, _cc2007 |
||
| 300 |
_a94 páginas _c22 centímetros |
||
| 500 | _aIncluye índice y Anexo | ||
| 650 | 1 | 4 |
_aLectura _2Lemb |
| 650 | 1 | 4 |
_aLibros y lectura _2Lemb |
| 650 | 1 | 4 |
_aBibliotecas y usuarios _2Lemb |
| 942 |
_2ddc _cBK _n0 |
||
| 999 |
_c59378 _d59378 |
||